[Event "Reykjavik Open 2024"]
[Site "Reykjavik ISL"]
[Date "2024.03.20"]
[Round "8.158"]
[White "Brade, Henry"]
[Black "Eustratiadis, Panagiotis"]
[Result "1-0"]
[WhiteElo "1771"]
[BlackElo "1653"]
[WhiteFideId "519456"]
[BlackFideId "40100448"]
[EventDate "2024.03.15"]

1. d4 d5 2. Nc3 Nf6 3. Bf4 g6 4. Nb5 Na6 5. e3 c6 6. Nc3 Bg7 7. Bxa6 bxa6 8. h3
a5 9. Qd3 Qb6 10. b3 Ba6 11. Qd2 O-O 12. Nge2 Ne4 13. Nxe4 dxe4 14. Nc3 Rfd8 15.
Na4 Qb5 16. c4 Qh5 17. g4 Qh4 18. Bg3 Qg5 19. Bf4 Qf6 20. Qxa5 Rxd4 21. g5 Qf5
22. Qxf5 gxf5 23. exd4 Bxd4 24. Rd1 e5 25. Ke2 Rd8 26. Bxe5 1-0

[Event "Reykjavik Open 2024"]
[Site "Reykjavik ISL"]
[Date "2024.03.20"]
[Round "8.159"]
[White "Karlinder, Lovis Neo"]
[Black "Winter, Kevin"]
[Result "1/2-1/2"]
[WhiteElo "1642"]
[BlackElo "1758"]
[WhiteFideId "34664785"]
[BlackFideId "421960"]
[EventDate "2024.03.15"]

1. e4 d6 2. d4 Nf6 3. Nc3 Nbd7 4. f4 e5 5. Nf3 exd4 6. Qxd4 c6 7. Be3 d5 8. e5
Ng4 9. Bg1 Bc5 10. Qd2 Bxg1 11. Rxg1 Nh6 12. g4 Nc5 13. h3 O-O 14. O-O-O Qb6 15.
Bd3 Kh8 16. f5 Nxd3+ 1/2-1/2

[Event "Reykjavik Open 2024"]
[Site "Reykjavik ISL"]
[Date "2024.03.20"]
[Round "8.160"]
[White "Wollkind, Steven"]
[Black "Jaroszewicz, Dawid"]
[Result "0-1"]
[WhiteElo "1607"]
[BlackElo "1757"]
[WhiteFideId "39917070"]
[BlackFideId "41809742"]
[EventDate "2024.03.15"]

1. e4 c5 2. Nc3 e6 3. Nf3 a6 4. d4 cxd4 5. Nxd4 b5 6. a4 b4 7. Na2 Bb7 8. Bd3 d5
9. e5 Qc7 10. f4 Nc6 11. Be3 Bc5 12. Nxe6 fxe6 13. Bxc5 Qa5 14. Qh5+ g6 15.
Bxg6+ hxg6 16. Qxg6+ Kd7 17. Qf7+ Nge7 18. Bxe7 Nxe7 19. O-O-O Qxa4 20. Kb1 Raf8
21. Qg7 Rfg8 22. Qf7 Rxg2 23. b3 Qc6 24. Nc1 a5 25. c4 d4 26. Rde1 Rgxh2 27.
Rxh2 Rxh2 28. f5 exf5 29. e6+ Kd8 30. Qf8+ Qe8 31. Qg7 Be4+ 32. Rxe4 fxe4 33.
Qxd4+ Kc8 34. Qa7 Nc6 35. Qa8+ Nb8 36. Qxe4 Qh8 0-1

[Event "Reykjavik Open 2024"]
[Site "Reykjavik ISL"]
[Date "2024.03.20"]
[Round "8.161"]
[White "Mork, Peter"]
[Black "Y Castro, Vitor Fernandez"]
[Result "1/2-1/2"]
[WhiteElo "1755"]
[BlackElo "1630"]
[WhiteFideId "1580604"]
[BlackFideId "44760973"]
[EventDate "2024.03.15"]

1. d4 Nf6 2. Nf3 g6 3. e3 Bg7 4. Be2 O-O 5. O-O d5 6. b4 c6 7. a4 Nbd7 8. Bb2
Ne4 9. Nbd2 Ndf6 10. c4 e6 11. Ne5 Nxd2 12. Qxd2 Ne4 13. Qc2 f6 14. Nf3 Qc7 15.
cxd5 exd5 16. b5 Re8 17. Rfc1 Bd7 18. Qb3 Rac8 19. Ba3 Kh8 20. Ra2 Bf8 21. Bxf8
Rxf8 22. Rac2 Qd6 23. Ne1 Qe7 24. Nd3 cxb5 25. axb5 Rxc2 26. Rxc2 Qd6 27. Nb4
Be6 28. f3 Ng5 29. Rc5 Rc8 30. h4 Nh3+ 31. Kh1 1/2-1/2

[Event "Reykjavik Open 2024"]
[Site "Reykjavik ISL"]
[Date "2024.03.20"]
[Round "8.162"]
[White "Field, Lila Quinn"]
[Black "Jonsson, Tristan Fannar"]
[Result "1-0"]
[WhiteElo "1747"]
[BlackElo "1540"]
[WhiteFideId "30941334"]
[BlackFideId "2321947"]
[EventDate "2024.03.15"]

1. e4 e5 2. Nf3 Nc6 3. Bb5 a6 4. Ba4 d6 5. c3 f5 6. exf5 Bxf5 7. O-O Ne7 8. d4
e4 9. d5 b5 10. dxc6 exf3 11. Bc2 Bxc2 12. Qxc2 fxg2 13. Re1 d5 14. Re6 Kf7 15.
Qe2 Ng6 16. Re3 Be7 17. Qf3+ Bf6 18. Qxg2 Qd6 19. Qh3 Qxc6 20. Bd2 Rad8 21. Na3
b4 22. Nc2 d4 23. Nxd4 Bxd4 24. cxd4 Rxd4 25. Rf3+ Ke8 26. Re1+ Kd8 27. Bg5+ Ne7
28. Bxe7+ Ke8 29. Qc8+ Rd8 30. Qxd8# 1-0

[Event "Reykjavik Open 2024"]
[Site "Reykjavik ISL"]
[Date "2024.03.20"]
[Round "8.163"]
[White "De Castro, Manuel"]
[Black "Von Kistowski, Fynn"]
[Result "0-1"]
[WhiteElo "1603"]
[BlackElo "1746"]
[WhiteFideId "651002493"]
[BlackFideId "1353888"]
[EventDate "2024.03.15"]

1. e4 c6 2. d4 d5 3. Nd2 dxe4 4. Nxe4 Nf6 5. Ng3 h5 6. h3 h4 7. N3e2 c5 8. c3
Nc6 9. dxc5 Bf5 10. Be3 e5 11. Nf3 Qd5 12. Qxd5 Nxd5 13. b4 Nxe3 14. fxe3 g6 15.
Rd1 f6 16. Nc1 Be7 17. Bc4 Bd8 18. Ke2 Bc7 19. Bb3 g5 20. Nh2 Bg6 21. Bd5 f5 22.
Rdf1 e4 23. Be6 Rf8 24. Nb3 Ke7 25. Bc4 Ne5 26. Bd5 Rad8 27. Bxb7 Rd3 28. Nd4
Nc4 29. Nc6+ Ke8 30. Nd4 Rd2+ 31. Ke1 Bg3+ 32. Rf2 Bxf2+ 0-1

[Event "Reykjavik Open 2024"]
[Site "Reykjavik ISL"]
[Date "2024.03.20"]
[Round "8.164"]
[White "Dyshliuk, Fedir"]
[Black "Jonsdottir, Katrin Maria"]
[Result "1/2-1/2"]
[WhiteElo "1740"]
[BlackElo "1525"]
[WhiteFideId "34142827"]
[BlackFideId "2316706"]
[EventDate "2024.03.15"]

1. e4 d5 2. exd5 Qxd5 3. Nc3 Qd6 4. d4 c6 5. Be3 Nf6 6. Bd3 Nbd7 7. Qe2 e6 8.
O-O-O Nb6 9. Nf3 Nbd5 10. Bd2 Be7 11. Ne5 Nb4 12. Be3 Nfd5 13. Nxd5 Nxd3+ 14.
Qxd3 cxd5 15. g4 Qa6 16. Qxa6 bxa6 17. Rhg1 O-O 18. f4 Bf6 19. Nf3 a5 20. h4 Ba6
21. Rd2 Rab8 22. g5 Be7 23. h5 Rb7 24. Ne5 Rc8 25. Rdg2 a4 26. g6 fxg6 27. hxg6
h6 28. a3 Bf6 29. c3 Bxe5 30. fxe5 Rf8 31. Rf2 Rbb8 32. Rgg2 Rxf2 33. Rxf2 Rf8
34. Rg2 Rf1+ 35. Kd2 Rb1 36. Kc2 Re1 37. Kd2 Rb1 38. Kc2 1/2-1/2

[Event "Reykjavik Open 2024"]
[Site "Reykjavik ISL"]
[Date "2024.03.20"]
[Round "8.166"]
[White "Olafsson, Olafur Orn"]
[Black "Jonatansson, Sigurdur Freyr"]
[Result "1-0"]
[WhiteElo "1542"]
[BlackElo "1731"]
[WhiteFideId "2312042"]
[BlackFideId "2303116"]
[EventDate "2024.03.15"]

1. d4 f5 2. c4 e6 3. Nc3 Nf6 4. Nf3 Be7 5. g3 b6 6. Bg2 Bb7 7. O-O O-O 8. b3 Bb4
9. Bb2 Bxc3 10. Bxc3 Ne4 11. Bb2 d6 12. Nd2 Qg5 13. Nxe4 fxe4 14. f4 exf3 15.
Bxf3 Bxf3 16. Rxf3 Rxf3 17. exf3 Qe3+ 18. Kg2 Qh6 19. Qe2 Nd7 20. Re1 Re8 21. f4
Nf6 22. Qf3 Qg6 23. d5 exd5 24. Rxe8+ Nxe8 25. Qxd5+ Kf8 26. Qd4 Qc2+ 27. Qf2
Qb1 28. h3 Qe4+ 29. Qf3 Qc2+ 30. Qf2 Qxf2+ 31. Kxf2 c5 32. a3 Ke7 33. b4 g6 34.
Ke3 Ke6 35. Ke4 Nc7 36. bxc5 dxc5 37. g4 a6 38. Be5 Ne8 39. f5+ Ke7 40. Kd5 Nf6+
41. Bxf6+ Kxf6 42. fxg6 hxg6 43. h4 a5 44. a4 b5 45. cxb5 c4 46. Kxc4 Ke5 47. h5
gxh5 48. gxh5 Kf5 49. b6 1-0

[Event "Reykjavik Open 2024"]
[Site "Reykjavik ISL"]
[Date "2024.03.20"]
[Round "8.167"]
[White "Leosson, Haukur Vidis"]
[Black "Bernard, Christopher"]
[Result "0-1"]
[WhiteElo "1535"]
[BlackElo "1728"]
[WhiteFideId "2325780"]
[BlackFideId "447447"]
[EventDate "2024.03.15"]

1. d4 Nf6 2. c4 c5 3. d5 b5 4. b3 bxc4 5. bxc4 d6 6. Bb2 Nbd7 7. Nf3 g6 8. e4
Bg7 9. Nc3 O-O 10. Qc2 Ng4 11. h3 Nge5 12. Be2 Ba6 13. Nb5 Nxf3+ 14. gxf3 Ne5
15. f4 Nd7 16. Bxg7 Kxg7 17. Qc3+ Kg8 18. h4 Bxb5 19. cxb5 e6 20. Rd1 exd5 21.
Rxd5 Nf6 22. Rd3 Nxe4 23. Qb2 Rb8 24. Rdh3 Qf6 25. Qb3 Qa1+ 26. Bd1 Rbd8 27. Re3
Qd4 28. h5 0-1

[Event "Reykjavik Open 2024"]
[Site "Reykjavik ISL"]
[Date "2024.03.20"]
[Round "8.175"]
[White "Vatneodegard, Marie"]
[Black "Fjeldsted, Andres"]
[Result "0-1"]
[WhiteElo "1575"]
[BlackElo "1795"]
[WhiteFideId "1546961"]
[BlackFideId "2321378"]
[EventDate "2024.03.15"]

1. e4 e6 2. d4 d5 3. e5 c5 4. c3 Nc6 5. Nf3 Qb6 6. Bd3 h6 7. O-O Bd7 8. Nbd2
cxd4 9. cxd4 Nxd4 10. Nxd4 Qxd4 11. Nf3 Qb6 12. Be3 Bc5 13. Bxc5 Qxc5 14. Rc1
Qb6 15. b3 Ne7 16. Qd2 Bb5 17. Bxb5+ Qxb5 18. Rc7 Qb6 19. Rfc1 Nc6 20. R7xc6
bxc6 21. Qf4 Rc8 22. h4 Qd8 23. Nd4 g5 24. hxg5 Qxg5 25. Qf6 Qxf6 26. exf6 Kd7
27. f3 Rhg8 28. Ne2 Rg6 29. Nf4 Rxf6 30. Nd3 Rg6 31. Nc5+ Kd6 32. Nb7+ Ke7 33.
Nc5 e5 34. Re1 f6 35. Kf2 Rcg8 36. Rg1 R8g7 37. b4 Kd6 38. a3 f5 39. Nd3 f4 40.
Nc5 h5 41. Nd3 h4 42. Ne1 h3 43. Kf1 hxg2+ 44. Rxg2 Rxg2 45. Nxg2 Rxg2 46. Kxg2
e4 47. fxe4 dxe4 48. Kf2 Kd5 49. Ke2 Kd4 50. Kd2 Kc4 0-1

[Event "Reykjavik Open 2024"]
[Site "Reykjavik ISL"]
[Date "2024.03.20"]
[Round "8.177"]
[White "Beatty, Samuel"]
[Black "Ernisson, Petur Ulfar"]
[Result "1-0"]
[WhiteElo "1731"]
[BlackElo "1450"]
[WhiteFideId "1344390"]
[BlackFideId "2326116"]
[EventDate "2024.03.15"]

1. d4 d5 2. c4 e5 3. dxe5 d4 4. Nf3 Nc6 5. a3 Bg4 6. Nbd2 Nge7 7. b4 Ng6 8. h3
Be6 9. Bb2 Ngxe5 10. Nxe5 Nxe5 11. e3 dxe3 12. Bxe5 exd2+ 13. Qxd2 Qxd2+ 14.
Kxd2 O-O-O+ 15. Kc3 f6 16. Bd4 Kb8 17. g4 Bd6 18. Bg2 Bf4 19. Rad1 a6 20. Rhe1
Rde8 21. Re4 Bd6 22. Rde1 Bf7 23. f4 Rxe4 24. Rxe4 Be8 25. c5 Bc6 26. cxd6 Bxe4
27. dxc7+ Kxc7 28. Bxe4 h5 29. g5 fxg5 30. fxg5 Re8 31. Bg6 Rf8 32. Bxh5 Rf5 33.
h4 g6 34. Bxg6 Rf3+ 35. Kb2 Kd7 36. h5 Rf4 37. Bc3 Ke7 38. h6 Rf2+ 39. Kb3 Rh2
40. h7 Rxh7 41. Bxh7 Kf7 42. g6+ 1-0

[Event "Reykjavik Open 2024"]
[Site "Reykjavik ISL"]
[Date "2024.03.21"]
[Round "9.1"]
[White "Suleymenov, Alisher"]
[Black "Deac, Bogdan-Daniel"]
[Result "0-1"]
[WhiteTitle "GM"]
[BlackTitle "GM"]
[WhiteElo "2506"]
[BlackElo "2690"]
[WhiteFideId "13707833"]
[BlackFideId "1226380"]
[EventDate "2024.03.15"]

1. d4 Nf6 2. c4 e6 3. Nf3 d5 4. Nc3 Nbd7 5. cxd5 exd5 6. Bg5 c6 7. e3 Be7 8. Bd3
Nf8 9. Qc2 Ne6 10. Bxf6 Bxf6 11. O-O g6 12. b4 a6 13. Na4 O-O 14. Rab1 Be7 15.
Nc5 Bd6 16. Rfe1 Re8 17. a4 Re7 18. b5 Bxc5 19. dxc5 cxb5 20. axb5 axb5 21. Nd4
Nxd4 22. exd4 Rxe1+ 23. Rxe1 Bd7 24. h3 Ra3 25. Bf1 Bc6 26. Rb1 Qa5 27. Qc1 b4
28. Qf4 Qa8 29. h4 h5 30. g4 hxg4 31. h5 Qe8 32. hxg6 fxg6 33. Bg2 Qe6 34. Qb8+
Kg7 35. Qc7+ Qf7 36. Qd6 Ra2 37. Qg3 g5 38. Rxb4 Qf4 39. Bf1 Ra1 40. Rb3 Rd1 41.
Qe3 Kf7 42. Rb4 Kf6 43. Rb6 Kf7 44. Rb4 Kf8 45. Qe6 g3 46. Qh6+ Ke7 47. Qh7+ Kd8
48. Qg8+ Kc7 49. Qg7+ Kb8 50. Qe5+ Qxe5 51. dxe5 Re1 52. fxg3 Rxe5 53. Kf2 Kc7
54. Bd3 d4 55. Rxd4 Rxc5 56. Ke3 b5 57. Kd2 Kb6 58. Rd6 Rd5 59. Rg6 Kc5 60. Ke3
Re5+ 61. Kd2 Bd7 62. Rg7 Bg4 63. Rc7+ Kb4 64. Rc1 Bd7 65. Rc7 Bf5 66. Bf1 Rc5
67. Rg7 Be6 68. Bd3 Bc4 69. Be4 Re5 70. Bf3 Kb3 71. Rc7 Rf5 72. Be4 Re5 73. Bf3
Kb2 74. g4 Kb3 75. Bd1+ Kb4 76. Bf3 Bd5 77. Be2 Bc4 78. Bf3 Ka3 79. Ra7+ Kb2 80.
Rc7 Ka2 81. Ra7+ Kb3 82. Rc7 Ka4 83. Ra7+ Kb4 84. Rc7 Re8 85. Rg7 Rg8 86. Re7
Rd8+ 87. Kc2 Rf8 88. Re3 Kc5 89. Re5+ Kd6 90. Re3 Rf4 91. Kd2 Be6 92. Rd3+ Ke5
93. Re3+ Kf6 94. Be2 b4 95. Rg3 Ke5 96. Bd1 Kd4 97. Rd3+ Kc5 98. Rg3 Rd4+ 99.
Kc1 Kd6 100. Be2 Ke5 101. Bd1 Ke4 102. Rg1 Kf4 103. Kb2 Bd5 104. Rf1+ Kg3 105.
Kc1 Be6 106. Be2 Bxg4 107. Rg1+ Kh3 108. Bf1+ Kh4 109. Kc2 Bf3 110. Bd3 g4 111.
Kd2 Be4 112. Ke3 Rxd3+ 113. Kxe4 Rf3 114. Rh1+ Kg3 115. Rg1+ Kh3 116. Rb1 Rf8
117. Rxb4 g3 118. Rb3 Kh2 0-1

[Event "Reykjavik Open 2024"]
[Site "Reykjavik ISL"]
[Date "2024.03.21"]
[Round "9.2"]
[White "Pultinevicius, Paulius"]
[Black "Balakrishnan, Praveen"]
[Result "1/2-1/2"]
[WhiteTitle "GM"]
[BlackTitle "GM"]
[WhiteElo "2575"]
[BlackElo "2490"]
[WhiteFideId "12809390"]
[BlackFideId "2064871"]
[EventDate "2024.03.15"]

1. d4 Nf6 2. c4 e6 3. Nf3 d5 4. Nc3 Be7 5. Bg5 h6 6. Bh4 O-O 7. e3 b6 8. Be2 Bb7
9. Bxf6 Bxf6 10. cxd5 exd5 11. b4 c6 12. O-O a5 13. b5 c5 14. Rc1 Nd7 15. Qd2 c4
16. Rcd1 Re8 17. Qc2 Rc8 18. Qf5 g6 19. Qh3 Bg7 20. Rfe1 Qe7 21. Bf1 Rcd8 22.
Re2 Qa3 23. Rc2 Qd6 24. Be2 Re7 25. Rcd2 Qa3 26. Rc2 Qd6 27. Rcd2 f5 28. Qh4 g5
29. Qg3 Qxg3 30. hxg3 Kf7 31. Na4 Re6 32. Rc2 Rc8 33. Rdc1 Kg6 34. Kf1 Rd6 35.
Bd1 Re8 36. Rd2 Rde6 37. Bc2 Kf6 38. Rcd1 Bf8 39. Bb1 Bb4 40. Rc2 Bd6 41. Rcd2
Bb4 42. Rc2 Bd6 43. Rcd2 Bb4 1/2-1/2

[Event "Reykjavik Open 2024"]
[Site "Reykjavik ISL"]
[Date "2024.03.21"]
[Round "9.3"]
[White "Maze, Sebastien"]
[Black "Kjartansson, Gudmundur"]
[Result "1/2-1/2"]
[WhiteTitle "GM"]
[BlackTitle "GM"]
[WhiteElo "2551"]
[BlackElo "2465"]
[WhiteFideId "613762"]
[BlackFideId "2301318"]
[EventDate "2024.03.15"]

1. e4 e5 2. Nf3 Nc6 3. Bb5 Nf6 4. O-O Nxe4 5. Re1 Nd6 6. Nxe5 Be7 7. Bf1 Nxe5 8.
Rxe5 O-O 9. d4 Bf6 10. Re1 Re8 11. c3 Rxe1 12. Qxe1 Ne8 13. Bf4 d5 14. Nd2 Bf5
15. h3 Bg5 16. Qe3 Bxf4 17. Qxf4 Nd6 18. Re1 Qd7 19. g4 Bc2 20. Bg2 c6 21. Re3
h6 22. h4 f6 23. h5 Nf7 24. Nf1 Ng5 25. Re1 Bd3 26. Re3 Bxf1 27. Bxf1 Re8 28.
Kg2 Re4 29. Rxe4 Nxe4 30. Bd3 Nd6 31. b3 b5 32. b4 Kf8 33. Bc2 Ke7 34. a4 bxa4
35. Bxa4 Kd8 36. Bc2 Kc7 37. Bd3 Qe6 38. Kf1 Kb6 39. f3 Qe7 40. Kf2 Qc7 41. Ke2
a6 42. Kd1 Nb5 43. Qxc7+ Nxc7 44. Bf5 a5 45. bxa5+ Kxa5 46. Kc2 c5 47. Bd7 cxd4
48. cxd4 Kb4 49. Kd3 Kb3 50. Bc6 Kb2 51. Bxd5 Nxd5 52. Ke4 Ne7 53. d5 f5+ 54.
Ke5 fxg4 55. fxg4 Kc3 56. d6 Nc6+ 57. Ke6 Kd4 58. Kf7 Ke5 59. Kxg7 Kxd6 60. Kxh6
Ne5 61. g5 Nf7+ 62. Kg6 Ke7 63. h6 Nxg5 64. Kxg5 Kf7 65. h7 Kg7 66. Kh5 Kxh7 1/2-1/2

[Event "Reykjavik Open 2024"]
[Site "Reykjavik ISL"]
[Date "2024.03.21"]
[Round "9.4"]
[White "Larkin, Vladyslav"]
[Black "Xu, Xiangyu"]
[Result "1/2-1/2"]
[WhiteTitle "IM"]
[BlackTitle "GM"]
[WhiteElo "2450"]
[BlackElo "2623"]
[WhiteFideId "14152894"]
[BlackFideId "8608288"]
[EventDate "2024.03.15"]

1. d4 Nf6 2. c4 e6 3. Nc3 Bb4 4. Qc2 O-O 5. a3 Bxc3+ 6. Qxc3 b6 7. Nf3 Bb7 8. e3
d5 9. Be2 Nbd7 10. O-O c5 11. dxc5 dxc4 12. cxb6 Nxb6 13. Rd1 Qb8 14. Qa5 Be4
15. Bd2 Nbd5 16. Bc3 Nxc3 17. Qxc3 Rc8 18. Rac1 h6 19. Ne5 Qb7 20. Bf1 Bd3 21.
Nxd3 cxd3 22. Qd2 Qb3 23. Bxd3 Rxc1 24. Rxc1 Rb8 25. Rc3 Qb7 26. Qc2 g5 27. b4
Rd8 28. Rc7 Qb8 29. g3 Kg7 30. Be2 Rd6 31. Qc3 Kg6 32. Qc5 Qd8 33. Rc8 Qd7 34.
Qc7 Ne4 35. Qc2 f5 36. Rg8+ Kh7 37. Qc8 Qxc8 38. Rxc8 Rd2 39. Kf1 g4 40. Rc6 Ra2
41. Rxe6 Kg7 42. Bd3 Rxf2+ 43. Kg1 Ra2 44. Bxe4 fxe4 45. Rxe4 h5 46. Re5 Ra1+
47. Kg2 Ra2+ 48. Kf1 Kg6 49. Ra5 Rxh2 50. b5 Rb2 51. a4 h4 52. gxh4 g3 53. h5+
Kh6 54. e4 Rf2+ 55. Kg1 Rb2 56. Rxa7 Kxh5 57. e5 Kg4 58. e6 Kf5 59. e7 Re2 60.
Kf1 Re4 61. Kg2 Kg4 62. e8=Q Rxe8 63. Rg7+ Kf4 64. Rxg3 Ra8 65. Ra3 Ke4 66. b6
Kd5 67. Kf3 Rh8 68. Ra1 Kc6 69. a5 Kb5 70. Ke4 Ka6 71. Rb1 Rh4+ 72. Kf5 Rh5+ 73.
Kg6 Rh8 74. Kg7 Rb8 75. Ra1 Rd8 76. Kf7 Rh8 77. Kg6 Rg8+ 78. Kf6 Rh8 79. Kg7 Rd8
80. Kg6 Rg8+ 81. Kf5 Rh8 82. Ke4 1/2-1/2

[Event "Reykjavik Open 2024"]
[Site "Reykjavik ISL"]
[Date "2024.03.21"]
[Round "9.5"]
[White "He, Junchen"]
[Black "Cramling Bellon, Anna"]
[Result "1-0"]
[BlackTitle "WFM"]
[WhiteElo "1956"]
[BlackElo "2115"]
[WhiteFideId "8642427"]
[BlackFideId "32009232"]
[EventDate "2024.03.15"]

1. a3 d5 2. Nf3 c5 3. b4 e6 4. Bb2 Nf6 5. bxc5 Bxc5 6. e3 b6 7. d4 Be7 8. Nbd2
O-O 9. Bd3 Bb7 10. O-O Nbd7 11. c4 Ne4 12. Ne1 Rc8 13. Rc1 Bd6 14. f4 f5 15.
Nxe4 fxe4 16. Be2 g5 17. g3 gxf4 18. exf4 Nf6 19. Ng2 dxc4 20. Bxc4 Rxc4 21.
Rxc4 e3 22. Nxe3 Qe8 23. f5 exf5 24. Nxf5 Bxg3 25. d5 Be5 26. Bxe5 Qxe5 27. Qd4
Qe2 28. Nh6+ Kg7 29. Rc7+ Kg6 30. Rxb7 Qh5 31. Ng4 Qg5 32. Rxf6+ 1-0

[Event "Reykjavik Open 2024"]
[Site "Reykjavik ISL"]
[Date "2024.03.21"]
[Round "9.6"]
[White "Nicholson, Devin"]
[Black "Belenkaya, Dina"]
[Result "0-1"]
[BlackTitle "WGM"]
[WhiteElo "1822"]
[BlackElo "2164"]
[WhiteFideId "2645394"]
[BlackFideId "24142654"]
[EventDate "2024.03.15"]

1. e4 c6 2. d4 d5 3. e5 Bf5 4. Nf3 e6 5. Be2 Bb4+ 6. c3 Ba5 7. Qb3 Bb6 8. a4 a5
9. Bg5 Qc7 10. Nbd2 Na6 11. O-O h6 12. Be3 Ne7 13. Nh4 Bh7 14. f4 O-O 15. g4 c5
16. f5 Nc6 17. Ndf3 cxd4 18. cxd4 Nab4 19. Rac1 Qd8 20. Qd1 f6 21. exf6 exf5 22.
fxg7 Re8 23. Bxh6 Nxd4 24. Nxd4 Qxh4 25. Bf4 Bxd4+ 26. Qxd4 Rxe2 27. Bg3 Qh3 28.
Rf2 Rxf2 29. Qxf2 Qxg4 30. Kh1 f4 31. Rf1 Nd3 32. Qd4 Be4+ 0-1

[Event "Reykjavik Open 2024"]
[Site "Reykjavik ISL"]
[Date "2024.03.21"]
[Round "9.7"]
[White "Moussard, Jules"]
[Black "Wadsworth, Matthew J"]
[Result "0-1"]
[WhiteTitle "GM"]
[BlackTitle "IM"]
[WhiteElo "2621"]
[BlackElo "2450"]
[WhiteFideId "642908"]
[BlackFideId "415804"]
[EventDate "2024.03.15"]

1. e4 e5 2. Nf3 Nc6 3. Bc4 Nf6 4. d3 Bc5 5. O-O d6 6. c3 a5 7. Re1 Ba7 8. Nbd2
O-O 9. Nf1 Ne7 10. Ng3 Ng6 11. h3 c6 12. Bb3 d5 13. Bg5 h6 14. Bxf6 Qxf6 15. d4
dxe4 16. Rxe4 exd4 17. cxd4 Nf4 18. Qd2 Nd5 19. Ne5 Be6 20. Rae1 Rfd8 21. Kh2 a4
22. Bc4 Bb6 23. R1e2 Ba5 24. Qc1 a3 25. f4 axb2 26. Rxb2 Nc3 27. Bxe6 Qxe6 28.
f5 Qf6 29. Rg4 Rxd4 30. Rxd4 Qxe5 31. Rd3 Ne4 32. Re2 Bc7 33. Qb1 Re8 34. Qxb7
h5 35. h4 Qf4 36. Qxc6 Re7 37. f6 Nxg3 38. fxe7 Qxh4+ 39. Kg1 Qh1+ 40. Kf2 Qf1+
41. Ke3 Qf4# 0-1

[Event "Reykjavik Open 2024"]
[Site "Reykjavik ISL"]
[Date "2024.03.21"]
[Round "9.8"]
[White "Chasin, Nico"]
[Black "Sanal, Vahap"]
[Result "0-1"]
[WhiteTitle "IM"]
[BlackTitle "GM"]
[WhiteElo "2447"]
[BlackElo "2558"]
[WhiteFideId "30908477"]
[BlackFideId "6300545"]
[EventDate "2024.03.15"]

1. e4 e5 2. Nf3 Nc6 3. Nc3 Nf6 4. d4 exd4 5. Nxd4 Bb4 6. Nxc6 bxc6 7. Bd3 d5 8.
exd5 O-O 9. O-O cxd5 10. Bg5 c6 11. Qf3 Bd6 12. Ne2 Be5 13. Rab1 h6 14. Bf4 Bg4
15. Qe3 Bxe2 16. Bxe2 Bd6 17. Qf3 Bxf4 18. Qxf4 Re8 19. Bf3 Qa5 20. a3 Ne4 21.
Rbe1 Ng5 22. Rxe8+ Rxe8 23. h4 Nxf3+ 24. Qxf3 Qa4 25. Qc3 Re2 26. b3 Qxh4 27.
Qxc6 Qe4 28. c4 dxc4 29. Qc8+ Kh7 30. bxc4 f5 31. Qc5 a6 32. Qa5 f4 33. Rd1 Qc2
34. Rd7 Qb1+ 35. Kh2 Re1 36. Kh3 Rh1+ 37. Kg4 Qg6+ 38. Kf3 h5 39. Rd4 Qg4+ 40.
Ke4 Qe6+ 41. Kf3 Qg4+ 42. Ke4 Re1+ 43. Kd3 Rd1+ 0-1

[Event "Reykjavik Open 2024"]
[Site "Reykjavik ISL"]
[Date "2024.03.21"]
[Round "9.9"]
[White "Salimova, Nurgyul"]
[Black "Can, Emre"]
[Result "1/2-1/2"]
[WhiteTitle "IM"]
[BlackTitle "GM"]
[WhiteElo "2426"]
[BlackElo "2551"]
[WhiteFideId "2915138"]
[BlackFideId "6302181"]
[EventDate "2024.03.15"]

1. e4 g6 2. d4 Bg7 3. Nf3 d6 4. Bd3 Nc6 5. c3 e5 6. dxe5 dxe5 7. O-O Nf6 8. Qe2
O-O 9. Rd1 Nh5 10. Bg5 Qe8 11. Ne1 Nf4 12. Qe3 Nxd3 13. Nxd3 f5 14. exf5 gxf5
15. Qe2 f4 16. Bh4 f3 17. Qe3 e4 18. Ne1 fxg2 19. Nd2 Bg4 20. Rdc1 Bf5 21. Nxg2
Ne5 22. Kh1 Bg6 23. Re1 Nd3 24. Rg1 Qc6 25. Rab1 Rf7 26. Bg3 Raf8 27. Rgf1 h5
28. Kg1 a5 29. Qe2 Bh6 30. Nb3 a4 31. Nd4 Qd5 32. Rbd1 c5 33. Ne6 Qxe6 34. Rxd3
Qa6 35. Re3 Qxe2 36. Rxe2 e3 37. Rd1 Be4 38. Rd6 Bf3 39. Re1 exf2+ 40. Kxf2 Bg7
41. a3 Bc6+ 42. Kg1 Rf6 43. Rxf6 Rxf6 44. Re5 Bh6 45. Ne3 Kf7 46. Bf2 Re6 47.
Nc4 b5 48. Rf5+ Kg6 49. Re5 Kf6 50. Bh4+ Kf7 51. Rf5+ Kg7 52. Ne5 Be8 53. Rf3
Kh7 54. Nd3 c4 55. Nf4 Re5 56. Bg3 Bc6 57. Rf1 Rf5 58. h4 Re5 59. Kh2 Re4 60.
Rf2 Re1 61. Ng2 Rb1 62. Bf4 Bg7 63. Ne3 Be4 64. Kg3 Kg6 65. Bd6 Bf6 66. Nf1 Bd3
67. Ne3 Rh1 68. Rf4 Rg1+ 69. Kh3 Re1 70. Nd5 Bf5+ 71. Kg3 Bd8 72. Rd4 Rg1+ 73.
Kf2 Rb1 74. Ne7+ Kf6 75. Nxf5 Rxb2+ 76. Kf3 Kxf5 77. Bb4 Bf6 78. Rd5+ Kg6 79.
Rxb5 Bxh4 80. Rb6+ Kf7 81. Rh6 Bf6 82. Rxh5 Rb3 83. Ke4 Bxc3 84. Bxc3 Rxc3 85.
Kd4 Rxa3 86. Kxc4 Ke6 87. Kb4 Ra1 88. Ra5 Kd6 89. Rxa4 Rxa4+ 90. Kxa4 Ke5 1/2-1/2

[Event "Reykjavik Open 2024"]
[Site "Reykjavik ISL"]
[Date "2024.03.21"]
[Round "9.10"]
[White "Steingrimsson, Hedinn"]
[Black "Lu, Miaoyi"]
[Result "1-0"]
[WhiteTitle "GM"]
[BlackTitle "WGM"]
[WhiteElo "2477"]
[BlackElo "2392"]
[WhiteFideId "2300117"]
[BlackFideId "8618020"]
[EventDate "2024.03.15"]

1. d4 Nf6 2. c4 e6 3. Nf3 Bb4+ 4. Nbd2 O-O 5. a3 Be7 6. e4 d6 7. Be2 e5 8. O-O
exd4 9. Nxd4 Re8 10. Re1 Nfd7 11. Rb1 Bf6 12. Nc2 Nc5 13. Bf1 Nc6 14. b4 Na4 15.
Rb3 Be6 16. h3 b5 17. Rbe3 Bg5 18. cxb5 Ne5 19. g3 Bxe3 20. Nxe3 Nc3 21. Qc2 d5
22. f4 d4 23. fxe5 Qg5 24. Ng2 Qxg3 25. Qd3 Qxd3 26. Bxd3 Bxh3 27. Nf3 Rad8 28.
Bf4 Be6 29. Rc1 Rd7 30. Bd2 Bg4 31. Ngh4 h6 32. Kf2 f6 33. Bxc3 dxc3 34. Bc4+
Be6 35. Rxc3 Bxc4 36. Rxc4 fxe5 37. Ng6 Rd3 38. a4 Ra3 39. a5 Re6 40. Nfxe5 Rf6+
41. Ke2 Ra2+ 42. Ke3 Ra3+ 43. Kd4 Rd6+ 44. Kc5 h5 45. Ne7+ Kf8 46. Nf5 Rd8 47.
Kc6 Re8 48. Nd7+ Kf7 49. Kxc7 Rh8 50. e5 g5 51. Rc6 h4 52. Rf6+ Ke8 53. e6 Rc3+
54. Kb7 Rd3 55. Rf7 Kd8 56. Nf6 Re8 57. Nxe8 1-0

[Event "Reykjavik Open 2024"]
[Site "Reykjavik ISL"]
[Date "2024.03.21"]
[Round "9.11"]
[White "Yilmazyerli, Mert"]
[Black "Katz, Alexander"]
[Result "1/2-1/2"]
[WhiteTitle "GM"]
[BlackTitle "IM"]
[WhiteElo "2526"]
[BlackElo "2418"]
[WhiteFideId "6305962"]
[BlackFideId "2039796"]
[EventDate "2024.03.15"]

1. d4 Nf6 2. c4 e6 3. Nf3 d5 4. Nc3 c6 5. Bg5 Nbd7 6. e3 Qa5 7. Nd2 dxc4 8. Bxf6
Nxf6 9. Nxc4 Qc7 10. Be2 b5 11. Nd2 a6 12. Rc1 Bb7 13. O-O c5 14. dxc5 Rd8 15.
Nxb5 axb5 16. Bxb5+ Bc6 17. Qa4 Bxb5 18. Qxb5+ Nd7 19. b4 1/2-1/2